000 00500nam a2200181Ia 4500
001 7855
005 20260306160526.0
008 260306t2009||||xx |||||||||||||| ||spa||
041 _aESP
082 _a363.11
_bG63B
100 _aGómez Etxebarria, Genaro
_eAUT
245 0 _aManual para la formación en prevención de riesgos laborales:
_bespecialidad de higiene industrial
260 _c2009
300 _a490 páginas :
_c24 cm.
650 _aGEN
654 _aCAN
942 _cLIB
_dJUS
_fJUS
_2ddc
_n
999 _c7855
_d7855